Caribbean Approaches to Economic Stabilization /

In the late 1980s Barbados, Guyana, Jamaica, and Trinidad and Tobago found themselves in severe economic difficulties. Their ensuing economic strategies were all market-based, featured fiscal contraction and trade liberalization, multilateral support loans and, later on, tax and financial sector ref...

詳細記述

書誌詳細
第一著者: Hilaire, Alvin
フォーマット: 雑誌
言語:English
出版事項: Washington, D.C. : International Monetary Fund, 2000.
シリーズ:IMF Working Papers; Working Paper ; No. 2000/073
オンライン・アクセス:Full text available on IMF
LEADER 01713cas a2200241 a 4500
001 AALejournalIMF001200
008 230101c9999 xx r poo 0 0eng d
020 |c 5.00 USD 
020 |z 9781451849455 
022 |a 1018-5941 
040 |a BD-DhAAL  |c BD-DhAAL 
100 1 |a Hilaire, Alvin. 
245 1 0 |a Caribbean Approaches to Economic Stabilization /  |c Alvin Hilaire. 
264 1 |a Washington, D.C. :  |b International Monetary Fund,  |c 2000. 
300 |a 1 online resource (32 pages) 
490 1 |a IMF Working Papers 
500 |a <strong>Off-Campus Access:</strong> No User ID or Password Required 
500 |a <strong>On-Campus Access:</strong> No User ID or Password Required 
506 |a Electronic access restricted to authorized BRAC University faculty, staff and students 
520 3 |a In the late 1980s Barbados, Guyana, Jamaica, and Trinidad and Tobago found themselves in severe economic difficulties. Their ensuing economic strategies were all market-based, featured fiscal contraction and trade liberalization, multilateral support loans and, later on, tax and financial sector reforms. However, exchange rate, monetary and public sector wage policies varied greatly. Choice of exchange rate regime was not as fundamental to successful stabilization as was fiscal action, complemented by, but without undue reliance on, monetary policy. The policies employed to reduce debt and to diversify the economic bases also help t lessen vulnerabilities to future economic shocks. 
538 |a Mode of access: Internet 
830 0 |a IMF Working Papers; Working Paper ;  |v No. 2000/073 
856 4 0 |z Full text available on IMF  |u http://elibrary.imf.org/view/journals/001/2000/073/001.2000.issue-073-en.xml  |z IMF e-Library